Programa de renta mínima vinculada a la educación: las becas escolares en Brasil /
Guardado en:
| Autor principal: | |
|---|---|
| Formato: | Texto |
| Colección: | SERIE POLITICAS SOCIALES/CEPAL
|
| Materias: | |
| Etiquetas: |
Agregar Etiqueta
Sin Etiquetas, Sea el primero en etiquetar este registro!
|
MARC
| LEADER | 00000 a a2200000 04500 | ||
|---|---|---|---|
| 001 | 48507 | ||
| 003 | |||
| 040 | |||
| 090 | |a REV1291 (99) 2004 | ||
| 100 | |a Godoy, Lorena | ||
| 245 | |a Programa de renta mínima vinculada a la educación: |b las becas escolares en Brasil / |c Lorena Godoy | ||
| 440 | |a SERIE POLITICAS SOCIALES/CEPAL | ||
| 650 | |a BECAS | ||
| 650 | |a BIENESTAR DE LA INFANCIA | ||
| 650 | |a ESCOLARIDAD | ||
| 650 | |a MOVILIDAD SOCIAL | ||
| 650 | |a ALIVIO DE LA POBREZA | ||
| 650 | |a BIENESTAR SOCIAL | ||
| 650 | |a BRASIL | ||
| 773 | |g número99, (2004) | ||
| 999 | |c 21042 |d 21042 | ||
